000
00276nam a22001337a 4500
008
181006b xxu||||| |||| 00| 0 eng d
020
_a
9780130536280
041
_a
eng
080
_a
941
100
_a
17
101
_a
HIS
245
_a
America
_c
Cayton, A
942
_2
udc
_c
BK
999
_c
48948
_d
48948